Poorest countries per continent - Statistics

General Stats
  • This quiz has been taken 216 times
  • The average score is 18 of 30
Answer Stats
Hint Answer % Correct
North America Haiti
80%
South America Ecuador
78%
South America Venezuela
78%
South America Guyana
77%
South America Paraguay
76%
South America Bolivia
73%
North America El Salvador
72%
North America Honduras
70%
North America Guatemala
69%
North America Nicaragua
66%
Europe Kosovo
65%
Oceania F.S. Micronesia
63%
Oceania Solomon Islands
63%
Oceania Vanuatu
63%
Europe Moldova
62%
Europe Albania
61%
Oceania Papua New Guinea
61%
Africa Burundi
59%
Oceania Kiribati
59%
Asia Afghanistan
58%
Africa Somalia
56%
Asia Yemen
53%
Europe Bosnia and Herzegovina
51%
Africa South Sudan
51%
Europe Ukraine
51%
Asia North Korea
45%
Africa Malawi
44%
Asia Tajikistan
42%
Asia Kyrgyzstan
39%
Africa Mozambique
29%
No matching quizzes found
Score Distribution
Percent of People with Each Score
Percentile by Number Answered
Your Score History
You have not taken this quiz